|
|
|
|
| LEADER |
01091nam a2200241 a 4500 |
| 001 |
GR-Patra23459 |
| 008 |
071126s2003 gr g b 001 0 eng d |
| 020 |
|
|
|a 0471498815
|
| 040 |
|
|
|a GrPaTEI
|b gre
|c GR-PaULI
|
| 040 |
|
|
|a GrPaTEI
|b gre
|c GR-PaULI
|
| 082 |
|
0 |
|a 519.23
|2 21
|
| 100 |
1 |
|
|a Tijms, H. C.
|
| 245 |
1 |
2 |
|a A first course in stochastic models /
|c Henk C. Tijms.
|
| 260 |
|
|
|a England :
|b John Wiley and Sons,
|c c2003
|
| 300 |
|
|
|a viii, 478 σ. :
|b εικ.
|
| 504 |
|
|
|a Περιλαμβάνει βιβλιογραφίες και ευρετήριο.
|
| 610 |
2 |
4 |
|a Παράρτημα Αμαλιάδος.
|b Τμήμα Εφαρμογών Πληροφορικής στη Διοίκηση και την Οικονομία
|
| 650 |
|
0 |
|a Stochastic processes
|
| 650 |
|
4 |
|a Στοχαστικές διαδικασίες
|
| 942 |
|
|
|2 ddc
|
| 952 |
|
|
|0 0
|1 0
|2 ddc
|4 0
|6 519_230000000000000_TIJ
|7 1
|9 303372
|a LISK
|b LISK
|c BSC
|d 2021-01-17
|e 24
|f 0
|g 0.00
|l 0
|o 519.23 TIJ
|p 92410033246
|r 2021-01-17 00:00:00
|t 1
|w 2021-01-17
|y BKN
|x 20071126 0 0
|x GrPaTEI
|
| 971 |
|
|
|a .b26710316
|b 16-04-20
|c 26-09-16
|
| 999 |
|
|
|c 176134
|d 176134
|